Príspevok k problému konfiguračného tlmenia ohybového kmitania vrstvených nosníkov

Bibliographic Details
Main Authors: Markuš, Š. (Author), Hergott, J. (Author), Chmúrny, Rudolf, 1935- (Author)
Format: Article
Language:Slovak

MARC

LEADER 00000nab a2200000uu 4500
001 vtls011457328
003 SK-MaSNL
005 20260303151634.0
008 230222|1972 xo |||||||||||||||||slo|
015 |a SNBRB 
035 |a (urnnbn)urn:nbn:sk:snk:ar-a09udb 
035 |a (uuid)3525fc2d-8c61-4d0a-99a3-3dd38b09c74f 
035 |a urn:nbn:sk:snk-abcrxz 
040 |a SNKBUCL  |b slo  |c SNKBUCL  |e AACR2 
041 0 |a slo 
044 |a xo  |c SK 
100 1 |a Markuš, Š.  |4 aut  |9 1171370 
245 1 0 |a Príspevok k problému konfiguračného tlmenia ohybového kmitania vrstvených nosníkov  |c Š. Markuš, R. Chmurný, J. Hergott 
700 1 |a Hergott, J.  |4 aut  |9 1171381 
700 1 |a Chmúrny, Rudolf,  |d 1935-  |4 aut  |9 5198 
773 0 |t Strojnícky časopis  |g Roč. 23, č. 2 (1972), s. 149-162 
954 |a odborná, vedecká literatúra pôvodná (slovenská)  |2 lita 
958 |a OND 
958 |a EUIPO 
958 |a article16 
999 |c 2018704  |d 2020634